000 00395nam a2200169Ia 4500
001 16745
003 IN-NITTTR
005 20251114233158.0
008 251113s9999||||xx |||||||||||||| ||eng||
040 _beng
040 _cIN-NITTTR
041 _aeng
082 _a621.31042 C388E R
100 _aChaston, Norton A.
245 0 _aElectric machinery. /
_cChaston, Norton A.
942 _2ddc
_cBK
999 _c19379
_d19379